Métiers de la santé par images - Statistiques

Statistiques générales
  • Ce quiz a été pris 419 fois
    407 depuis la dernière actualisation
  • Le résultat moyen est 15 sur 20
Statistiques - réponses
Par images Réponse % Correct
Orthodontiste
97%
Psychologue
97%
Pharmacien.ne
95%
Ophtalmologue
93%
Chirurgien
91%
Kinésithérapeute
91%
Dermatologue
85%
Pédiatre
84%
Cardiologue
79%
Diététicien.ne
77%
Médecin urgentiste
77%
Anesthésiste réanimateur
76%
Infirmier.e
76%
Orthophoniste
68%
Podologue
66%
Radiologue
66%
Médecin ORL
65%
Sage-femme
64%
Aide-soignant.e
48%
Technicien.ne de laboratoire
23%
Aucun quiz correspondant
Distribution des résultats
% des personnes avec chaque résultat
Percentile par nombre de réponses
Votre historique - résultats
Vous n’avez pas pris ce quiz depuis la dernière actualisation